| 000 | 00406nam a2200133Ia 4500 | ||
|---|---|---|---|
| 008 | 220217s9999||||xx |||||||||||||| ||und|| | ||
| 020 | _a81-203-1257-0 | ||
| 082 | _a005.73 PRA | ||
| 100 |
_aPrabhu, C S R _93590 |
||
| 245 | 0 | _aObject oriented database systems :approaches and architechur | |
| 260 |
_aPrentice hall of india _bNew Delhi _c2002 |
||
| 300 | _b150 | ||
| 650 |
_aDATA FILES & DATABASE _9695 |
||
| 999 |
_c172223 _d172223 |
||